Music Quiz

Random Music Quiz
Score 0/45 Timer 10:00
0 Plays Today
Song Missing Word % Correct
Love Will _______ Us ApartTear
98.8%
Just Can't Get ________Enough
97.5%
Don't You _______ MeWant
97.5%
Blue _________Monday
97.5%
Everybody Wants To ______ The WorldRule
97.4%
West _____ GirlsEnd
96.3%
________ LoveTainted
93.8%
_______ GayEnola
93.8%
It's My _________Life
91%
_______ To GreyFade
90.1%
You Spin Me Round (Like A _________)Record
90.1%
________ With Tears In My EyesDancing
88.9%
A _________ RespectLittle
87.7%
There Must Be An ________ (Playing With My Heart)Angel
84%
The/Das ________Model
84%
Big In _______Japan
83.3%
______ TribesTwo
82.7%
I ______ Let The Sun Go Down On MeWon't
81.5%
Are ________ ElectricFriends
79%
_______ Than ThisMore
77.8%
_________ BoySmalltown
76.5%
Don't _________ Me This WayLeave
73.1%
_______ Me NowHold
70.5%
Song Missing Word % Correct
(Feels Like)________Heaven
67.9%
Wishing (If I Had A __________ Of You)Photograph
67.9%
_________ DiaryNobody's
66.7%
She _________ Me With ScienceBlinded
66.7%
______ Close Our EyesWe
65.4%
Living In A ________Box
65.4%
Union Of The __________Snake
64.1%
Pop _________Muzik
64.1%
Living On The _________Ceiling
56.8%
When __________ SingsSmokey
48.1%
_______ WolfCry
48.1%
Love & _______Pride
46.9%
Is It A ________?Dream
45.7%
_______ To Get To Know You WellLike
45.7%
________ On VideoLiving
42%
_______ A Go-GoEinstein
41%
_______ No.1 (I Don't Need This Pressure On)Chant
40.7%
_____Duel
35.9%
________ In LoveMoments
34.6%
Come _______ With MeLive
32.1%
_______ LifeQuiet
32.1%
John Wayne Is ________/_________Big Leggy
21.8%
Remove Ads.
Support Sporcle.
Get the best of Sporcle when you Go Orange. This ad-free experience offers more features, more stats, and more fun while also helping to support Sporcle. Thank you for becoming a member.

You're not logged in!

Compare scores with friends on all Sporcle quizzes.
OR
Log In

Show Comments

Extras

Created Aug 14, 2016ReportNominate
Tags:Pop Music, Synthpop

Top Quizzes Today


Score Distribution

Your Account Isn't Verified!

In order to create a playlist on Sporcle, you need to verify the email address you used during registration. Go to your Sporcle Settings to finish the process.

Report this User

Report this user for behavior that violates our Community Guidelines.

Details: